00774cam a2200253 i 45000010008000000030004000080050017000120080041000290100017000700200012000870400019000990430012001180500017001300820015001471000020001622450076001822600041002583000047002995040051003466510025003976510032004226510039004546510027004931806625OSt20200629125138.0790712s1978 ii bj b 001 0 eng  a 78908149  cRs75.00 aDLCcoclcdDLC aa-ii---00aDS425b.T47200a934bTHA/A aThapar, Romila 10aAncient Indian social history :bsome interpretations /cRomila Thapar. aNew Delhi :bOrient Longman,cc1978. ax, 396 p. :bgeneal. tables, map ;c23 cm. aIncludes bibliographical references and index. 0aIndiaxCivilization. 0aIndiaxHistoryyTo 324 B.C. 0aIndiaxHistoryy324 B.C.-1000 A.D. 0aIndiaxHistoriography.